Managerial economics
Content includes: part I some preliminaries; part II demand analysis; part III production and cost analysis; part IV profit maximization in various market structures; part V risk and uncertainty
Saved in:
| Main Author: | |
|---|---|
| Format: | Book |
| Language: | Undetermined |
| Published: |
Boston
McGraw-Hill/Irwin
2002
|
| Subjects: | |
| Tags: |
Add Tag
No Tags, Be the first to tag this record!
|
| Institutions: | Trung tâm Học liệu Trường Đại học Cần Thơ |
|---|
| LEADER | 00736nam a2200205Ia 4500 | ||
|---|---|---|---|
| 001 | CTU_126937 | ||
| 008 | 210402s9999 xx 000 0 und d | ||
| 020 | |c 102.02 | ||
| 082 | |a 338.5024658 | ||
| 082 | |b M455 | ||
| 100 | |a Maurice, S. Charles | ||
| 245 | 0 | |a Managerial economics | |
| 245 | 0 | |c S. Charles Maurice, Christopher R. Thomas | |
| 260 | |a Boston | ||
| 260 | |b McGraw-Hill/Irwin | ||
| 260 | |c 2002 | ||
| 520 | |a Content includes: part I some preliminaries; part II demand analysis; part III production and cost analysis; part IV profit maximization in various market structures; part V risk and uncertainty | ||
| 650 | |a Managerial economics | ||
| 904 | |i Giang | ||
| 980 | |a Trung tâm Học liệu Trường Đại học Cần Thơ | ||